000 02515nkc a2200373za 4500
001 84520
003 OSt
005 20260320103952.0
007 kh boc
008 250410s19101911sp ||||| ||||||0| i|spa d
040 _aM-RABA
_bspa
_cM-RABA
100 _aElorza, Lorenzo
_d(1861-1931)
_9111068
245 _aLasarte
_b: Puerta de la iglesia
_c/ L. E.
260 _c[ca. 1910 – 1911]
300 _a1 fotografía
_b: gelatina de plata
_c; imagen 12 x 16,5 cm
_c; soporte secundario 21,5 x 26,5 cm
500 _aVista de la portada de la iglesia parroquial de Nuestra Señora de la Asunción en Lasarte, compuesta por un arco apuntado y cuatro arquivoltas, tres de ellas baquetonadas. Frente a la puerta figura Carlos Baraibar Ezpondaburu, sobrino de Federico Baraibar.
500 _aFotografía montada sobre soporte secundario de cartulina azul enmarcada con orla en relieve. Título y numeración manuscrita que hace referencia a la posición en la serie “101”.
500 _aSello con monograma del fotógrafo en tinta roja “L.E.”
500 _aFechas tomadas de la ejecución del positivo de las fotografías, incluido el soporte secundario. (Soto Madrazo, Javier. 2008).
500 _aForma parte de un conjunto de 167 fotografías empleadas por Federico Baráibar Zumárraga para la elaboración del Inventario del Románico en Álava (1911).
500 _aEl centro de la fotografía está algo tintado de rojo.
504 _aBaraibar, F.: "Rincones artísticos", M. 1914.
505 _aLasarte.- Puerta de la Iglesia. / L. E.
510 _aDescripción tomada de: Soto Madrazo, Javier (2008). Federico Baraibar y el Inventario del Románico en Álava: una caja con 167 fotografías.
510 _aEsta colección fue utilizada posteriormente por Cristóbal de Castro para la elaboración y publicación del "Catálogo Monumental de España: provincia de Álava", Madrid, S. de Rivadeneira, 1915.
561 _aDonadas junto con la memoria manuscrita a la Academia por el mismo Baraibar (Sesión 12 de febrero de 1912, Archivo: 4-32-1).
610 2 0 _aIglesia Nuestra Señora de la Asunción (Lasarte)
_9111631
651 7 _aÁlava
_2embne
_975661
655 0 _aFotografías de monumentos
_9111580
700 1 _aBaráibar y Zumárraga, Federico
_d(1851-1918)
_912926
852 _jFot-210
856 _3Fot-210
_uhttps://archivoybiblioteca.realacademiabellasartessanfernando.com/cgi-bin/koha/opac-retrieve-file.pl?id=26e4028f44b3338ca06c01bfc55496e3
942 _2ddc
_cFOTOGRAFÍA
_n0
999 _c84520
_d84520